Daňová tvorivosť V. Daňová obrana – osvedčené techniky

Finančná gramotnosť na Slovensku v rokoch 1989-2019 veľmi nízka, pričom účinnej daňovej osvety je naďalej nedostatok. Nadväzne na špeciálne vzdelávacie seriály ÚAD za roky 2013-2019 sme aj pre rok 2020 pripravili daňové vzdelávanie v seriáli na pokračovanie. Kultúra daňovej obrany v SR: aby kultúra...

Descripción completa

Guardado en:
Detalles Bibliográficos
Autor principal: Burák, Emil
Formato: Capítulo de libro
Lenguaje:eslovaco
Materias:
Etiquetas: Agregar Etiqueta
Sin Etiquetas, Sea el primero en etiquetar este registro!

MARC

LEADER 00000naa a2200000 4500
001 0265039
005 20200703082106.0
041 0 |a slo 
044 |a SK 
245 1 0 |a Daňová tvorivosť V. Daňová obrana – osvedčené techniky  |c Emil Burák 
520 |a Finančná gramotnosť na Slovensku v rokoch 1989-2019 veľmi nízka, pričom účinnej daňovej osvety je naďalej nedostatok. Nadväzne na špeciálne vzdelávacie seriály ÚAD za roky 2013-2019 sme aj pre rok 2020 pripravili daňové vzdelávanie v seriáli na pokračovanie. Kultúra daňovej obrany v SR: aby kultúra daňovej obrany bola lepšia a objektívnejšia aj v oblasti osvedčených konkrétnych daňových techník, k tomu treba robiť neustále ozdravné kroky a edukačné opatrenia. Hoci veľa sa za roky 1989-2019 v daňovej kultúre zlepšilo a zmenilo, stále v nej existujú veľké rezervy a nedostatky. 
610 2 0 |a spoločnosť 
610 2 0 |a gramotnosť finančná 
610 2 0 |a kultúra 
610 2 0 |a politika daňová 
610 2 0 |a osveta 
610 2 0 |a vzdelávanie 
100 1 |a Burák, Emil